00679nam a2200181Ia 4500999001500000020001800015082001900033245007800052260004900130300001500179504001900194650004700213650003100260650004600291700002900337942000700366952012400373 c7119d7119 a9781599048796 a025.00285 HAN- 0aHandbook of research on digital libraries: design, development and impact aHersheybInformation Science Referencec2009 axxxix, 649 aincludes index aDigital librariesvHandbooks, manuals etc. aOpen Source Software (OSS) aInformation storage and retrieval systems aYin Leng Theng [et...al] cBK 00104070aNASSDOCbNASSDOCd2010-04-05eOPi2010-03-26l0o025.00285 HAN-p46165r2019-04-18 00:00:00w2019-04-18yBK